000 00241 a2200097 4500
020 _a9780198085492
100 _aN. V. Raghavendra
245 _aEngineering metrology and measurements
260 _bOxford University Press
_c2024
942 _cOO
999 _c116019
_d116018